[Event "Temuco op 2nd"]
[Site "Temuco"]
[Date "2025.01.11"]
[Round "2"]
[White "Medina Castillo, Benjamin Ignacio"]
[Black "Flores, Diego"]
[Result "0-1"]
[WhiteElo "1926"]
[BlackElo "2549"]
[PlyCount "56"]
[EventDate "2025.01.10"]
[EventType "swiss"]
[EventRounds "9"]
[EventCountry "CHI"]
[SourceTitle "CB04_2025"]
[SourceDate "2025.01.22"]
[SourceVersion "1"]
[SourceVersionDate "2025.01.22"]
[SourceQuality "1"]

1. e4 c5 2. Nf3 e6 3. d4 cxd4 4. Nxd4 a6 5. Nc3 b5 6. Bd3 Bb7 7. 0-0 Nc6 8. Nb3 Nf6 9. Be3 Be7 10. f4 Nb4 11. e5 Nfd5 12. Nxd5 Nxd5 13. Bd2 Qb6+ 14. Kh1 a5 15. a4 bxa4 16. Rxa4 Nb4 17. Bxb4 Bxb4 18. Qe2 Bc6 19. Raa1 a4 20. Nd2 Bxd2 21. Qxd2 Qxb2 22. Bxh7 Rb8 23. Bd3 Qd4 24. Rab1 Ke7 25. Rbe1 Rh3 26. Qf2 Rbh8 27. Qg1 g5 28. Qxd4 Rxh2+ 0-1